| 000 | 00985nmm a2200289 a 4500 | ||
|---|---|---|---|
| 001 | ocm000712072 | ||
| 003 | TR-IsHL | ||
| 005 | 20201028154353.0 | ||
| 008 | 150709s2009 tu tur | ||
| 007 | cr cn | ||
| 035 |
_a712072 _b(N$T) |
||
| 050 | 0 | 4 |
_aDR592.R43 _bP65 2009 |
| 090 | 0 | 4 |
_aDR592.R43 _bP65 2009 |
| 100 | 1 | _aPolatoğlu, Mehmet | |
| 245 | 1 | 0 |
_aİpsiz Recep: emice _h[electronic resource] / _cMehmet Polatoğlu |
| 250 | _a1. bs. | ||
| 260 |
_aİstanbul : _bYolculuk Yayınevi, _c2009 |
||
| 300 | _a160 p. | ||
| 650 | 4 | _aDil ve Edebiyat | |
| 650 | 4 | _aLanguage and Literature | |
| 650 | 0 |
_aKurtuluş Savaşı , 1919-1922 _x Anılar |
|
| 650 | 0 |
_aRevolution, 1919-1922 _x Memories |
|
| 650 | 0 |
_aİpsiz Recep, 1862-1928 _x Anılar |
|
| 650 | 0 |
_aİpsiz Recep, 1862-1928 _x Memories |
|
| 650 | 7 |
_aHISTORY / Middle East / Turkey & Ottoman Empire _2bisacsh |
|
| 856 | 4 | 0 | _uhttp://search.ebscohost.com/login.aspx?direct=true&scope=site&db=e011xww&AN=712072 |
| 999 |
_c12540 _d12540 |
||